Which Country is the Club from? - Europe Edition - Statistics

General Stats
  • This quiz has been taken 32 times
    14 since last reset
  • The average score is 10 of 10
Answer Stats
Hint Answer % Correct
RB Salzburg Austria
100%
Dynamo Zagreb Croatia
100%
FC Vaduz Liechtenstein
100%
Legia Warsaw Poland
100%
Dynamo Moscow Russia
100%
Malmö FF Sweden
100%
Dynamo Kyiv Ukraine
100%
FC Kobenhavn Denmark
92%
Celtic Scotland
92%
Young Boys Switzerland
75%
No matching quizzes found
Score Distribution
Percent of People with Each Score
Percentile by Number Answered
Your Score History
You have not taken this quiz since the last reset